A bírói gyakorlat jelentősége a magyar magánjogban

Elmentve itt :
Bibliográfiai részletek
Szerző: Almási Antal
Dokumentumtípus: Cikk
Megjelent: 1935
Sorozat:Kolligátum
Kulcsszavak:Magánjog - magyar - története
Online Access:http://misc.bibl.u-szeged.hu/23145
LEADER 00561nab a2200169 i 4500
001 misc23145
005 20191111110453.0
008 170803s1935 hu o 0|| zxx d
040 |a SZTE Miscellanea Repozitórium  |b hun 
041 |a zxx 
100 1 |a Almási Antal 
245 1 2 |a A bírói gyakorlat jelentősége a magyar magánjogban  |h [elektronikus dokumentum] /  |c  Almási Antal 
260 |c 1935 
300 |a 1-20 
490 0 |a Kolligátum 
695 |a Magánjog - magyar - története 
856 4 0 |u http://misc.bibl.u-szeged.hu/23145/1/73671_001-020.pdf  |z Dokumentum-elérés